000
00396nam a2200133Ia 4500
008
151001s9999||||xx |||||||||||||| ||und||
100
_a
के वि बेलसरे
245
_a
श्री गोंदवलेकर महाराज
250
_a
1
260
_b
बुकसेलर्स आणि पब्लिशर्स&
260
_c
1975
300
_a
456
365
_b
25
999
_c
959683
_d
959680